000 00372nam a2200145Ia 4500
008 230917s9999||||xx |||||||||||||| ||und||
040 _e153542
_aMAIN
041 _aEnglish
082 _aB J334J
100 _aJai Prakash Narayan
245 0 _aJai Prakash Narayan: Vyaktitav aur vichar
260 _aDelhi
_bChinmaya Prakashan
_c1978
300 _a115p p.
942 _cBK
999 _c199037
_d199037